00753nam a2200193Ia 4500003000900000008004100009020001800050040001600068080001800084100002700102245022600129260004400355300001000399650004100409650003000450650003000480700001800510700003100528IN-BaIIA211028s9999 xx 000 0 eng d a0-292-75507-0 cIIA Library a083.8:52bVAU aVaucouleurs, Gerard de 0aSecond reference catalogue of bright galaxiesbcontaining information on 4,364 galaxies with reference to papers published between 1964 and 1975.cGerard de Vaucouleurs, Antoinette de Vaucouleurs and Harold G. Corwin, Jr. aAustinbUniversity of Tokyo Pressc1976 a396p. aAstronomy and Astrophysics Thesaurus aBright Galaxies Catalogue aCatalogue-Bright Galaxies aCorwin, H. G. aVaucouleurs, Antoinette de